000 00187 a2200097 4500
020 _a9781538747254
041 _aeng
100 _aPreston, Douglas
245 _aCrooked river
942 _cBK
999 _c31911
_d31909